[Event "Budapest FS11 FM"]
[Site "Budapest"]
[Date "2019.11.12"]
[Round "10"]
[White "Alotaibi, Khaled"]
[Black "Szoukup, Istvan"]
[Result "1-0"]
[WhiteElo "1440"]
[BlackElo "1474"]
[PlyCount "53"]
[EventDate "2019.11.02"]
[EventType "tourn"]
[EventRounds "10"]
[EventCountry "HUN"]
[SourceTitle "CBM 193 Extra"]
[Source "ChessBase"]
[SourceDate "2020.01.31"]
[SourceVersion "1"]
[SourceVersionDate "2020.01.31"]
[SourceQuality "1"]

1. d4 Nf6 2. c4 g6 3. Nc3 d5 4. cxd5 Nxd5 5. e4 Nxc3 6. bxc3 Bg7 7. Bc4 c5 8. Ne2 Nc6 9. Be3 0-0 10. 0-0 Bg4 11. f3 Na5 12. Bxf7+ Rxf7 13. fxg4 Rxf1+ 14. Kxf1 cxd4 15. cxd4 Qf8+ 16. Kg1 Rd8 17. Qa4 Nc6 18. Rd1 a6 19. d5 Ne5 20. h3 Ra8 21. Qb3 b5 22. Rf1 Qc8 23. Rc1 Nc4 24. Nf4 Qf8 25. Ne6 Qf7 26. Rf1 Bd4 27. Bxd4 1-0

[Event "Budapest FS07 FM"]
[Site "Budapest"]
[Date "2019.07.15"]
[Round "9"]
[White "Szoukup, Istvan"]
[Black "Hofstadler, Mario"]
[Result "1/2-1/2"]
[WhiteElo "1495"]
[BlackElo "1718"]
[PlyCount "88"]
[EventDate "2019.07.06"]
[EventType "tourn"]
[EventRounds "10"]
[EventCountry "HUN"]
[SourceTitle "EXT 2020"]
[Source "ChessBase"]
[SourceDate "2019.10.17"]
[SourceVersion "1"]
[SourceVersionDate "2019.10.17"]
[SourceQuality "1"]

1. e4 c6 2. d4 d5 3. Nc3 dxe4 4. Nxe4 Nd7 5. Bc4 Ngf6 6. Nxf6+ Nxf6 7. Nf3 Bf5 8. c3 e6 9. 0-0 Qc7 10. Bg5 Nd5 11. Qd2 Bd6 12. h3 0-0 13. Bd3 Bxd3 14. Qxd3 h6 15. Bd2 Rad8 16. Rfe1 Nf4 17. Bxf4 Bxf4 18. Qe4 Bd6 19. Ne5 Bxe5 20. Qxe5 Qb6 21. b3 Rd5 22. Qe4 Rfd8 23. Qf4 c5 24. dxc5 Qxc5 25. Qe3 Qa5 26. c4 Rd3 27. Qe5 Qb4 28. Qh5 Qd6 29. Qe5 Qa3 30. Qh5 Rd2 31. Red1 Qb2 32. Qf3 R8d7 33. Rdb1 Qa3 34. Rd1 Rxd1+ 35. Rxd1 Rxd1+ 36. Qxd1 Qxa2 37. Qd8+ Kh7 38. Qd3+ f5 39. g4 Qa1+ 40. Kg2 Qe5 41. f3 Kg6 42. h4 Qf6 43. Kh3 h5 44. g5 Qa1 1/2-1/2

[Event "Budapest FS06 FM"]
[Site "Budapest"]
[Date "2019.06.02"]
[Round "2"]
[White "Szoukup, Istvan"]
[Black "Liptak, Tibor"]
[Result "0-1"]
[WhiteElo "1478"]
[BlackElo "1684"]
[PlyCount "86"]
[EventDate "2019.06.01"]
[EventType "tourn"]
[EventRounds "10"]
[EventCountry "HUN"]
[SourceTitle "EXT 2020"]
[Source "ChessBase"]
[SourceDate "2019.10.17"]
[SourceVersion "1"]
[SourceVersionDate "2019.10.17"]
[SourceQuality "1"]

1. e4 e5 2. Nf3 Nc6 3. Bb5 Nd4 4. Nxd4 exd4 5. 0-0 c6 6. Bc4 Nf6 7. Re1 d6 8. e5 dxe5 9. Rxe5+ Be7 10. Qe1 b5 11. Bf1 Ng4 12. Re2 a6 13. h3 Nf6 14. b3 Ra7 15. Ba3 Be6 16. d3 0-0 17. Bxe7 Rxe7 18. a4 Nd5 19. axb5 axb5 20. g3 Rfe8 21. Bg2 Bxh3 22. Rxe7 Rxe7 23. Qa5 Qxa5 24. Rxa5 Bc8 25. Ra8 Nb6 26. Rb8 Rb7 27. Rxb7 Bxb7 28. Na3 Ba8 29. b4 Kf8 30. Be4 h6 31. f4 Ke7 32. Kf2 Kd6 33. g4 Nd5 34. Bxd5 Kxd5 35. Kg3 Bb7 36. Nb1 c5 37. bxc5 Kxc5 38. f5 Bd5 39. Kf4 f6 40. Kg3 Kb4 41. Kf4 Ba2 42. Nd2 Kc3 43. Nf3 Bd5 0-1

[Event "Budapest FS05 FM"]
[Site "Budapest"]
[Date "2019.05.07"]
[Round "4"]
[White "Szoukup, Istvan"]
[Black "Chekletsova, Darya"]
[Result "0-1"]
[WhiteElo "1521"]
[BlackElo "1815"]
[PlyCount "106"]
[EventDate "2019.05.04"]
[EventType "tourn"]
[EventRounds "10"]
[EventCountry "HUN"]
[SourceTitle "CBM 190 Extra"]
[Source "ChessBase"]
[SourceDate "2019.07.15"]
[SourceVersion "1"]
[SourceVersionDate "2019.07.15"]
[SourceQuality "1"]

1. e4 c5 2. Nf3 d6 3. d4 cxd4 4. Nxd4 Nf6 5. Nc3 a6 6. Bg5 e6 7. f4 Be7 8. Qf3 h6 9. Bh4 Qb6 10. 0-0-0 Bd7 11. Bf2 Qc7 12. Bd3 Nc6 13. Nxc6 Bxc6 14. Qe3 Ng4 15. Qb6 Bd8 16. Qxc7 Bxc7 17. Bg1 d5 18. e5 h5 19. h3 Nh6 20. g4 hxg4 21. hxg4 Kd7 22. g5 Ng4 23. Bd4 f6 24. gxf6 gxf6 25. Rh7+ Rxh7 26. Bxh7 fxe5 27. fxe5 Bxe5 28. Bc5 Nf6 29. Bd3 Bxc3 30. bxc3 e5 31. Bf5+ Kc7 32. Be6 Re8 33. Bf7 Rh8 34. Be7 Ne4 35. Bb4 Rd8 36. c4 d4 37. c5 Kd7 38. Rg1 Ke7 39. Bh5 Rh8 40. Bf3 Kf7 41. Rf1 Nf6 42. Be2 Rh1 43. Bc4+ Ke8 44. Rxh1 Bxh1 45. c3 Bd5 46. Bb3 Bxb3 47. axb3 Nd5 48. Ba5 Nxc3 49. Bxc3 dxc3 50. Kc2 Kd7 51. Kxc3 Kc6 52. Kc4 a5 53. b4 axb4 0-1

[Event "Budapest FS05 FM"]
[Site "Budapest"]
[Date "2019.05.06"]
[Round "3"]
[White "Szoukup, Istvan"]
[Black "Levin, Evgeny"]
[Result "1/2-1/2"]
[WhiteElo "1521"]
[BlackElo "1717"]
[PlyCount "81"]
[EventDate "2019.05.04"]
[EventType "tourn"]
[EventRounds "10"]
[EventCountry "HUN"]
[SourceTitle "CBM 190 Extra"]
[Source "ChessBase"]
[SourceDate "2019.07.15"]
[SourceVersion "1"]
[SourceVersionDate "2019.07.15"]
[SourceQuality "1"]

1. e4 c6 2. d4 d5 3. Nc3 dxe4 4. Nxe4 Bf5 5. Ng3 Bg6 6. h4 h6 7. Nf3 Nd7 8. h5 Bh7 9. Bd3 Bxd3 10. Qxd3 e6 11. Bd2 Ngf6 12. Ne4 Nxe4 13. Qxe4 Nf6 14. Qe2 Qb6 15. 0-0-0 Bd6 16. Rhe1 0-0-0 17. Ne5 Qc7 18. Nc4 Bf4 19. Ne5 Bxd2+ 20. Rxd2 Rhf8 21. g4 Nd7 22. Nxd7 Rxd7 23. Qe5 Qxe5 24. Rxe5 Rfd8 25. Re4 c5 26. c3 Kc7 27. Kc2 Kc6 28. f4 b5 29. a3 a5 30. b4 axb4 31. axb4 cxb4 32. cxb4 Ra8 33. Kb2 Rda7 34. Rc2+ Kd6 35. Rc5 Ra2+ 36. Kb1 Ra1+ 37. Kb2 R8a2+ 38. Kb3 Ra3+ 39. Kb2 R1a2+ 40. Kb1 Ra1+ 41. Kb2 1/2-1/2

[Event "Budapest FS04 FM"]
[Site "Budapest"]
[Date "2019.03.31"]
[Round "2"]
[White "Szoukup, Istvan"]
[Black "Szurkos, Andras"]
[Result "1-0"]
[WhiteElo "1555"]
[BlackElo "1689"]
[PlyCount "97"]
[EventDate "2019.03.30"]
[EventType "tourn"]
[EventRounds "10"]
[EventCountry "HUN"]
[SourceTitle "EXT 2020"]
[Source "ChessBase"]
[SourceDate "2019.10.17"]
[SourceVersion "1"]
[SourceVersionDate "2019.10.17"]
[SourceQuality "1"]

1. e4 e5 2. Nf3 Nc6 3. Bb5 Nd4 4. Nxd4 exd4 5. 0-0 g6 6. Re1 Bg7 7. Bf1 d6 8. c3 Ne7 9. cxd4 Bxd4 10. Qa4+ Nc6 11. Bb5 Bd7 12. Bxc6 Bxf2+ 13. Kxf2 Qh4+ 14. Kf1 Bxc6 15. Qd1 Qxh2 16. d4 Bb5+ 17. Kf2 Qh4+ 18. Kg1 0-0-0 19. Nc3 Bd7 20. Be3 f5 21. Bf2 Qg5 22. Qc1 Qxc1 23. Raxc1 c6 24. Nb5 Be8 25. Bg3 Rd7 26. Nxd6+ Kd8 27. exf5 g5 28. Rxe8+ Rxe8 29. Nxe8 Kxe8 30. Re1+ Kf7 31. Be5 h5 32. Kf2 Rd5 33. Rc1 Rb5 34. b3 a5 35. Rc5 a4 36. Rxb5 cxb5 37. d5 Ke7 38. b4 Kd7 39. f6 Ke8 40. d6 h4 41. Kf3 b6 42. Kg4 a3 43. Kxg5 h3 44. gxh3 Kf7 45. d7 Ke6 46. d8Q Kxe5 47. f7 Ke6 48. f8Q Ke5 49. Qf5# 1-0

[Event "Budapest FS02 Development"]
[Site "Budapest"]
[Date "2019.02.11"]
[Round "9"]
[White "Szoukup, Istvan"]
[Black "Nagy, Gyorgy1111"]
[Result "0-1"]
[WhiteElo "1573"]
[BlackElo "1790"]
[PlyCount "92"]
[EventDate "2019.02.02"]
[EventType "tourn"]
[EventRounds "10"]
[EventCountry "HUN"]
[SourceTitle "CBM 189 Extra"]
[Source "ChessBase"]
[SourceDate "2019.06.03"]
[SourceVersion "1"]
[SourceVersionDate "2019.06.03"]
[SourceQuality "1"]

1. e4 c5 2. Nf3 Nc6 3. d4 cxd4 4. Nxd4 Nf6 5. Nc3 e5 6. Ndb5 d6 7. Bg5 a6 8. Na3 b5 9. Nd5 Be7 10. Nxe7 Nxe7 11. Bd3 d5 12. Bxf6 gxf6 13. Qf3 f5 14. 0-0-0 Qc7 15. exd5 e4 16. d6 Qb7 17. Qe3 Nd5 18. Bxe4 fxe4 19. Qxe4+ Be6 20. Rhe1 0-0-0 21. c4 bxc4 22. Nxc4 Kb8 23. Rd3 Qc6 24. Rb3+ Ka8 25. Rb6 Qc5 26. Rxa6+ Kb7 27. Rb6+ Ka7 28. Rb3 Rc8 29. Ra3+ Kb8 30. Rb3+ Nb6 31. Kb1 Bxc4 32. d7 Rcd8 33. Qe8 Bxb3 34. Qxh8 Bc2+ 35. Ka1 Kc7 36. Re8 Rxd7 37. Re1 Qd4 38. Qxd4 Rxd4 39. b3 Rd1+ 40. Rxd1 Bxd1 41. f3 Nd5 42. Kb2 Be2 43. Kc2 Bf1 44. g3 Bg2 45. f4 Ne3+ 46. Kd3 Nf1 0-1

[Event "Budapest FS12 Nadassy"]
[Site "Budapest"]
[Date "2018.12.10"]
[Round "9.3"]
[White "Mayer, Istvan"]
[Black "Szoukup, Istvan"]
[Result "0-1"]
[WhiteElo "1902"]
[BlackElo "1571"]
[PlyCount "58"]
[EventDate "2018.12.01"]
[EventType "schev"]
[EventRounds "10"]
[EventCountry "HUN"]
[SourceTitle "EXT 2020"]
[Source "ChessBase"]
[SourceDate "2019.10.17"]
[SourceVersion "1"]
[SourceVersionDate "2019.10.17"]
[SourceQuality "1"]
[WhiteTeam "A Team Higher Elo"]
[BlackTeam "B Team Lower Elo"]
[WhiteTeamCountry "HUN"]
[BlackTeamCountry "HUN"]

1. e4 e5 2. Bc4 Nf6 3. Qe2 Nc6 4. c3 Bc5 5. d4 exd4 6. e5 Ng8 7. Bxf7+ Kf8 8. Bb3 Qe7 9. Nf3 d3 10. Qxd3 Nxe5 11. Qf5+ Nf7+ 12. Kf1 d6 13. Qxf7+ Qxf7 14. Bxf7 Kxf7 15. b4 Bb6 16. a4 a5 17. Na3 axb4 18. cxb4 Rxa4 19. Bd2 Bf5 20. Ke2 Nf6 21. Rhc1 Rha8 22. Nh4 Rxa3 23. Rxa3 Rxa3 24. Nxf5 Ra2 25. f3 Nd5 26. Kd3 Kf6 27. g4 g6 28. Ng3 Rxd2+ 29. Kxd2 Be3+ 0-1

[Event "Budapest FS12 Nadassy"]
[Site "Budapest"]
[Date "2018.12.08"]
[Round "7.4"]
[White "Kahn, Evarth"]
[Black "Szoukup, Istvan"]
[Result "1-0"]
[WhiteElo "2187"]
[BlackElo "1571"]
[PlyCount "50"]
[EventDate "2018.12.01"]
[EventType "schev"]
[EventRounds "10"]
[EventCountry "HUN"]
[SourceTitle "EXT 2020"]
[Source "ChessBase"]
[SourceDate "2019.10.17"]
[SourceVersion "1"]
[SourceVersionDate "2019.10.17"]
[SourceQuality "1"]
[WhiteTeam "A Team Higher Elo"]
[BlackTeam "B Team Lower Elo"]
[WhiteTeamCountry "HUN"]
[BlackTeamCountry "HUN"]

1. d4 Nf6 2. c4 g6 3. Nc3 d5 4. Bg5 Ne4 5. Bh4 g5 6. Bg3 Nxg3 7. hxg3 dxc4 8. e3 Be6 9. Nf3 f6 10. d5 Bf7 11. Bxc4 c6 12. e4 b5 13. Bb3 a6 14. Qd4 g4 15. Nh4 e5 16. Qd1 h5 17. dxc6 Qxd1+ 18. Rxd1 Nxc6 19. Nd5 Bxd5 20. Bxd5 Rc8 21. 0-0 Nd4 22. Nf5 Ne2+ 23. Kh2 Rc2 24. Bb7 Bc5 25. Bc6+ Kf7 1-0

[Event "Budapest FS10 Development"]
[Site "Budapest"]
[Date "2018.10.10"]
[Round "5"]
[White "Sadbhav, Rautela"]
[Black "Szoukup, Istvan"]
[Result "1-0"]
[WhiteElo "1612"]
[BlackElo "1627"]
[PlyCount "93"]
[EventDate "2018.10.06"]
[EventType "tourn"]
[EventRounds "10"]
[EventCountry "HUN"]
[SourceTitle "CBM 186 Extra"]
[Source "ChessBase"]
[SourceDate "2018.08.24"]
[SourceVersion "1"]
[SourceVersionDate "2018.08.24"]
[SourceQuality "1"]

1. e4 e5 2. Nf3 Nc6 3. d4 exd4 4. Nxd4 Nf6 5. Nxc6 bxc6 6. e5 Nd5 7. c4 Nb6 8. Nc3 d6 9. exd6 cxd6 10. Bd3 Be7 11. 0-0 0-0 12. Bf4 Be6 13. Qe2 Bf6 14. Qe4 g6 15. Qxc6 Rc8 16. Qxd6 Bxc3 17. bxc3 Nxc4 18. Qxd8 Rfxd8 19. Be2 Na3 20. Rfc1 Re8 21. Be3 Bf5 22. Bd1 Rc5 23. Ba4 Rcc8 24. Bxe8 Rxe8 25. Bxa7 Ra8 26. Bc5 Nc2 27. Rab1 Rxa2 28. Bd4 Nxd4 29. Rb8+ Kg7 30. cxd4 Be6 31. h3 Rd2 32. Rb4 Kf6 33. Kf1 Kf5 34. Ke1 Rd3 35. Rd1 Rxd1+ 36. Kxd1 Ke4 37. Ke2 Bd5 38. f3+ Kf5 39. Ke3 h5 40. g4+ hxg4 41. fxg4+ Kf6 42. h4 Kg7 43. Rb5 Be6 44. Kf4 Kh6 45. d5 Bd7 46. Rb7 Be8 47. d6 1-0

[Event "Budapest Art Pub Cup 1st"]
[Site "Budapest"]
[Date "2013.01.05"]
[Round "5"]
[White "Szoukup, Istvan"]
[Black "Kiss, Peter2222"]
[Result "1-0"]
[WhiteElo "1709"]
[BlackElo "2036"]
[PlyCount "100"]
[EventDate "2013.01.03"]
[EventType "swiss"]
[EventRounds "7"]
[EventCountry "HUN"]
[SourceTitle "EXT 2014"]
[Source "ChessBase"]
[SourceDate "2013.11.20"]
[SourceVersion "1"]
[SourceVersionDate "2013.11.20"]
[SourceQuality "1"]

1. e4 e6 2. d4 d5 3. Nc3 dxe4 4. Nxe4 Be7 5. Nf3 Nf6 6. Bd3 Bd7 7. Ne5 Nc6 8. Nxd7 Qxd7 9. c3 0-0-0 10. 0-0 Kb8 11. b4 Nxd4 12. Ng5 Rhf8 13. Bxh7 Nxh7 14. Nxh7 Rh8 15. Ng5 Qb5 16. cxd4 Bxg5 17. Bxg5 Qxg5 18. Qd3 Qh4 19. Qg3 Qxd4 20. a3 Qd6 21. h3 Qxg3 22. fxg3 Rd7 23. Rae1 Rhd8 24. g4 c6 25. g5 Re7 26. Re3 Kc7 27. Ref3 Rdd7 28. h4 e5 29. h5 e4 30. Rf4 e3 31. h6 e2 32. Re1 gxh6 33. gxh6 Rd6 34. Rh4 Rd8 35. g4 Re4 36. h7 Rh8 37. Kf2 f5 38. Rxe2 Rxe2+ 39. Kxe2 fxg4 40. Ke3 Kb6 41. Rh5 c5 42. bxc5+ Kb5 43. c6+ Kxc6 44. Kf4 b6 45. Kg5 Kb5 46. Kg6+ Ka4 47. Rh1 a5 48. Kg7 Rxh7+ 49. Kxh7 b5 50. Ra1 g3 1-0